| 000 | 00591nam a2200217Ia 4500 | ||
|---|---|---|---|
| 003 | ARRUPE | ||
| 005 | 20170117100805.0 | ||
| 008 | 130303s9999 xx 000 0 und d | ||
| 020 | _a0895771063 | ||
| 040 | _cARRUPELIB | ||
| 050 | _aREF BS125.R286 | ||
| 245 | 4 | _aThe Reader's Digest Bible | |
| 245 | _bcondensed from the revised standard version old and new testaments | ||
| 260 | _aNew York | ||
| 260 | _bThe Reader's Digest, Inc. | ||
| 300 | _axvi | ||
| 300 | _b 799p. 24cm. | ||
| 650 |
_aBIBLE _914864 |
||
| 700 |
_aMetzger, Bruce M. (ed.) _928376 |
||
| 942 |
_2lcc _cMONOGRAPH |
||
| 999 |
_c25285 _d25285 |
||